Pierre Garnier - Paroles Ceux qu'on était - Statistiques

Statistiques générales
  • Ce quiz a été pris 171 fois
    149 depuis la dernière actualisation
  • Le résultat moyen est 304 sur 320
Statistiques - réponses
Indices Réponses % Correct
à
100%
a
100%
de
100%
De
100%
J'
100%
j'
100%
on
100%
Bridge On
100%
qu'
100%
ai
99%
c'
99%
C'
99%
ce
99%
Et
99%
était
99%
garder
99%
garder)
99%
l'
99%
Le
99%
meilleur
99%
Couplet 2 S'
99%
t'
99%
T'
99%
donné
98%
donné,
98%
Couplet 1 Je
98%
je
98%
(je
98%
pas
98%
Pas
98%
que
98%
Que
98%
aimé
97%
aimerais
97%
ceux
97%
chercher
97%
chercher)
97%
es
97%
peu
97%
ça
95%
dire
95%
est
95%
ne
95%
sais
95%
tu
95%
Un
95%
un
95%
vais
95%
vas
95%
cause
94%
des
94%
moi
94%
si
94%
(si
94%
fois
93%
93%
la
93%
partir
93%
tout
93%
iras
92%
plus
92%
retenir
92%
te
92%
Y
92%
ailleurs,
91%
déjà
91%
dernier
91%
fait
91%
grave
91%
prête
91%
en
90%
Mais
90%
trop
90%
veux
90%
affaires
89%
se
89%
celui
87%
comme
87%
rangé
87%
souvenir
87%
au
85%
les
85%
85%
nous,
84%
bien
83%
quand
83%
revoir
83%
dernière
82%
Même
80%
or
80%
pour
80%
avais
79%
dans
78%
mains
78%
passait
78%
il
76%
Peut
76%
regarde
76%
rien
76%
être
75%
parler
74%
sans
74%
crois
72%
fallait
72%
recommencer
72%
changerais
71%
aller
8%
Aucun quiz correspondant
Distribution des résultats
% des personnes avec chaque résultat
Percentile par nombre de réponses
Votre historique - résultats
Vous n’avez pas pris ce quiz depuis la dernière actualisation